| 000 | 00750nam a2200205Ii 4500 | ||
|---|---|---|---|
| 003 | JO-AjNU | ||
| 008 | 230605s9999||||xx |||||||||||||| ||und|| | ||
| 040 |
_aJO-AjNU _bara _erda _cJO-AjNU |
||
| 041 | _aara | ||
| 050 | 1 | 4 | _aQA76 .K5412 1988 |
| 100 | 3 |
_aكيلمور، جارلس ؛ ترجمة عبد المجيد مازن , _eauthor _919232 |
|
| 245 | 0 | 0 | _a الحاسبات الالكترونية المصغره "الميكروكومبيوتر" |
| 250 | _aط1 | ||
| 264 | 3 | 1 | _aبغداد:دار الشؤون الثقافية، 1988 |
| 300 | _a298ص | ||
| 336 |
_atext _btxt _2rdacontent |
||
| 337 |
_aunmediated _bn _2rdamedia |
||
| 338 |
_avolume _bnc _2rdacarrier |
||
| 650 | 4 |
_aالحاسبات الالكترونية - برمجة _919233 |
|
| 999 |
_aA6304 _c9872 _d9872 |
||